000 00664nam#a2200241#c#4500
003 IEF
005 20180219170924.0
008 941205s1981 uuu####fr####| 0||u| |u
020 _a8474070988 (O.C.)
040 _aIEF
100 1 _aGonzález Portilla, Manuel
_919040
245 _aLa formación de la sociedad capitalista en el País Vasco (1876-1913)
260 _aSan Sebastián
_b Haranburu
_c1981
300 _a2 v.
_c22 cm.
490 _aHistoria;v. 14 y 15
650 4 _aPAIS VASCO
_947931
650 4 _aHISTORIA ECONOMICA
_945401
650 4 _aSIGLO XIX
_948415
650 4 _aSIGLO XX
_948420
942 _cLIB
942 _z24568
999 _c109724
_d109724